01266nam a2200313Ia 4500001001200000003000800012006001900020007001500039008004100054020001800095020001800113040002100131035002100152050002300173100002200196245016300218260006800381300002500449490005000474500002000524533015200544650001400696650001400710655002900724700003900753710001700792856012600809999001700935ebr10729392CaPaEBRm o u cr cn|||||||||111102s1966 dcua s 001 0 eng d z9780883856185 z9780883859339 aCaPaEBRcCaPaEBR a(OCoLC)85708177714aQA611b.C45 1966eb1 aChinn, William G.10aFirst concepts of topologyh[electronic resource] :bthe geometry of mappings of segments, curves, circles and disks /cby William G. Chinn and N.E. Steenrod. aWashington, D.C. :bMathematical Association of America,c1966. aviii, 160 p. :bill.0 aThe Anneli Lax new mathematical library ;v18 aIncludes index. aElectronic reproduction.bPalo Alto, Calif. :cebrary,d2013.nAvailable via World Wide Web.nAccess may be limited to ebrary affiliated libraries. 0aTopology. 0aGeometry. 7aElectronic books.2local1 aSteenrod, Norman Earl,d1910-1971.2 aebrary, Inc.40uhttp://site.ebrary.com/lib/rucke/Doc?id=10729392zAn electronic book accessible through the World Wide Web; click to view c37474d37474